Sociálne prostredie a výchova ako predmet záujmu sociálnej pedagogiky

Vzťah výchovy a sociálneho prostredia. Zameranie sociálnej pedagogiky v historickom kontexte vývoja sociálnej pedagogiky. Pozornosť na preventívny rozmer sociálnej pedagogiky (profylaxiu) a kompenzáciu, ktorá predstavuje odstraňovanie, resp. vyvažovanie negatívnych javov. Vzťah výchovy a sociálneho...

Ausführliche Beschreibung

Gespeichert in:
Bibliographische Detailangaben
1. Verfasser: Hroncová, Jolana
Format: Buchkapitel
Sprache:Slowakisch
Schlagworte:
Tags: Tag hinzufügen
Keine Tags, Fügen Sie das erste Tag hinzu!

MARC

LEADER 00000naa a2200000 4500
001 0254289
005 20241125122409.1
041 0 |a slo 
044 |a SK 
245 1 0 |a Sociálne prostredie a výchova ako predmet záujmu sociálnej pedagogiky  |c Jolana Hroncová 
520 |a Vzťah výchovy a sociálneho prostredia. Zameranie sociálnej pedagogiky v historickom kontexte vývoja sociálnej pedagogiky. Pozornosť na preventívny rozmer sociálnej pedagogiky (profylaxiu) a kompenzáciu, ktorá predstavuje odstraňovanie, resp. vyvažovanie negatívnych javov. Vzťah výchovy a sociálneho prostredia. Štruktúra životného prostredia a pedagogizácia sociálneho prostredia. 
610 2 0 |a školstvo 
610 2 0 |a pedagogika sociálna 
610 2 0 |a prostredie sociálne 
610 2 0 |a výchova 
610 2 0 |a prevencia sociálna 
610 2 0 |a učitelia 
610 2 0 |a mládež 
610 2 0 |a história 
100 1 |a Hroncová, Jolana